Statistics for Turtle Pokémon

Click here to take the quiz!

General Stats

  • This quiz has been taken 8 times
  • The average score is 9 of 12

Answer Stats

No.TypePokémon% Correct
#0007WaterSquirtle
100%
#0009WaterBlastoise
88%
#0008WaterWartortle
88%
#0388GrassGrotle
75%
#0389Grass GroundTorterra
75%
#0387GrassTurtwig
75%
#0833WaterChewtle
63%
#0834Water RockDrednaw
63%
#0324FireTorkoal
63%
#0776Fire DragonTurtonator
63%
#0565Water RockCarracosta
50%
#0564Water RockTirtouga
50%

Score Distribution

Percentile by Number Answered

Percent of People with Each Score

Your Score History

You have not taken this quiz